000
003250000a22001570004500
003
MACL
040
_a
MACL
090
_c
5320
_d
5319
100
_a
Datta, Amlan
245
_a
A New Radicalism And Other Essays
260
_b
Minerva India
_c
1989
350
_a
60
650
_a
Essay
942
_c
BOOK
_k
824
951
_o
824 BOOK
999
_c
5278
_d
5278